| 000 | 00417nam a2200169 a 4500 | ||
|---|---|---|---|
| 001 | 0000-9018 | ||
| 003 | ELIB.Books | ||
| 008 | 110520 1950 | ||
| 035 | _a(ELIB.Books)0000-9167 | ||
| 082 |
_aB _bEno |
||
| 100 | _aEnock, Esther E. | ||
| 245 | _aTwelve Brave Boys | ||
| 260 |
_bLondon: Pickering & Inglis Ltd. _c1950 |
||
| 650 | _aBiography | ||
| 942 |
_2ddc _cBK |
||
| 998 |
_cbat _e2011-05-20 |
||
| 999 |
_c9018 _d9018 |
||